| 000 | 00509nam a2200169 i 4500 | ||
|---|---|---|---|
| 001 | 24576 | ||
| 003 | ES-MaACL | ||
| 005 | 20231214200120.0 | ||
| 007 | t| | ||
| 008 | 021218s1969 sp ||||1| spa d | ||
| 245 | 0 | 0 |
_aAntología general de Adonais (1943-68) / _cprólogo de Luis Jiménez Martos. |
| 260 |
_aMadrid, etc. : _bRialp, _c1969. |
||
| 300 |
_a398 p. ; _c23 cm. |
||
| 700 | 1 |
_aJiménez Martos, Luis, _d1926-2003 _966562 |
|
| 852 |
_aES-MaACL _jC-36021 _bR.69071 |
||
| 999 |
_c24576 _d24576 |
||